| 000 | 00898aam a2200277 a 4500 | ||
|---|---|---|---|
| 001 | 015381212 | ||
| 003 | Uk | ||
| 005 | 20131009143138.0 | ||
| 008 | 091005s2010 flua bf 001 0 eng | ||
| 010 | _a2009038086 | ||
| 020 | _a9781420066685 (hbk.) : | ||
| 020 | _a1420066684 (hbk.) : | ||
| 082 | 0 | 0 |
_a621.313 _222 _bBOL |
| 100 | 1 |
_aBoldea, I. _934006 |
|
| 245 | 1 | 4 |
_aThe induction machines design handbook / _cIon Boldea, Syed A. Nasar. |
| 250 | _a2nd ed. | ||
| 260 |
_aBoca Raton, Fla. : _bCRC, _cc2010. |
||
| 300 |
_a827 p. : _bill. ; _c26 cm. |
||
| 490 | 1 | _aThe electric power engineering series | |
| 500 | _aRev. ed. of The induction machine handbook. 2002. | ||
| 504 | _aIncludes bibliographical references and index. | ||
| 650 | 0 |
_aElectric machinery, Induction _vHandbooks, manuals, etc. _934007 |
|
| 653 |
_bEle _cOctober2013 |
||
| 700 | 1 |
_aNasar, S. A. _99240 |
|
| 942 |
_2ddc _cBB |
||
| 999 |
_c17628 _d17600 |
||